000 00285nam a2200121Ia 4500
008 241002s9999 xx 000 0 und d
082 _a294.548 PAN
100 _aPanikkar, K.M
245 0 _aHindu society at cross roads
260 _aBombay:
_c1956
600 _aReligion
942 _cUC
999 _c18885
_d18885